[Event "75. C.to Provinciale VE"]
[Site "Marghera ITA"]
[Date "2015.01.25"]
[Round "4.8"]
[White "Cappelletto, Joshuaede"]
[Black "Milan, Maurizio"]
[Result "0-1"]
[WhiteElo "1518"]
[BlackElo "1548"]
[Annotator "Gabriele Ballarin"]
[PlyCount "90"]
[EventDate "2015.01.23"]
[EventType "swiss"]
[EventRounds "5"]
[EventCountry "ITA"]

1. e4 c5 2. Nf3 Nc6 3. d4 cxd4 4. Nxd4 g6 5. Bc4 Bg7 6. Be3 Nf6 7. Nc3 O-O 8. O-O Nxe4 9. Nxe4 d5 10. Bxd5 Qxd5 11. Nc3 Qa5 12. Nxc6 bxc6 13. Bd2 Qc7 14. Re1 Be6 15. Qf3 Qd7 16. Qe3 Rab8 17. Rab1 Rfe8 18. a3 Bf5 19. Rec1 Red8 20. Be1 Qd4 21. Qxe7 Rd7 22. Qg5 h6 23. Qg3 Be5 24. Qe3 Qf4 25. g3 Qxe3 26. fxe3 Bg4 27. b3 Rbd8 28. Na2 Bd6 29. Nb4 Bc5 30. Bf2 Rd6 31. Kg2 a5 32. Nxc6 Rxc6 33. b4 axb4 34. axb4 Bb6 35. c4 Rd2 36. c5 Bf5 37. cxb6 Bxb1 38. Rxc6 Be4+ 39. Kf1 Bxc6 40. Be1 Rxh2 41. Bf2 Rh5 42. Ke2 Rb5 43. Kd3 Rxb4 44. e4 Bxe4+ 45. Kc3 Rb1 0-1

[Event "75. C.to Provinciale VE"]
[Site "Marghera ITA"]
[Date "2015.01.24"]
[Round "4.9"]
[White "Fornaro, Massimo"]
[Black "Di Marino, Maurizio"]
[Result "0-1"]
[WhiteElo "1452"]
[BlackElo "1476"]
[Annotator "Gabriele Ballarin"]
[PlyCount "84"]
[EventDate "2015.01.23"]
[EventType "swiss"]
[EventRounds "5"]
[EventCountry "ITA"]

1. e4 c5 2. d4 cxd4 3. Qxd4 Nc6 4. Qd1 e6 5. f3 Qc7 6. g3 Nf6 7. Ne2 b6 8. Be3 Bb7 9. Bg2 Be7 10. a3 Rd8 11. O-O O-O 12. b4 a6 13. c4 d5 14. cxd5 exd5 15. Qb3 dxe4 16. fxe4 b5 17. Nd2 Ne5 18. Rac1 Qb8 19. Bf4 Nfd7 20. Nb1 Qa8 21. Nbc3 Qa7+ 22. Kh1 Ng4 23. h3 Nf2+ 24. Kh2 Nd3 25. Rcd1 Nxf4 26. Nxf4 Bg5 27. Nfd5 Qb8 28. Rf5 Bh4 29. Ne2 Ne5 30. Kg1 Bxd5 31. exd5 Bf6 32. Kh1 Nc4 33. g4 Rfe8 34. Rxf6 Rxe2 35. Qd3 Rxg2 36. Kxg2 gxf6 37. Rf1 Qd6 38. Rf5 Re8 39. Rh5 Re3 40. Qxh7+ Kf8 41. Qh6+ Ke7 42. Kf1 Nd2+ 0-1

[Event "75. C.to Provinciale VE"]
[Site "Marghera ITA"]
[Date "2015.01.25"]
[Round "4.10"]
[White "Bertaggia, Andrea"]
[Black "Segalina, Luigi"]
[Result "0-1"]
[WhiteElo "1400"]
[BlackElo "1400"]
[Annotator "Gabriele Ballarin"]
[PlyCount "36"]
[EventDate "2015.01.23"]
[EventType "swiss"]
[EventRounds "5"]
[EventCountry "ITA"]

1. d4 e6 2. c4 d5 3. Nc3 Nf6 4. Nf3 a6 5. a4 c5 6. e3 Be7 7. Bd3 O-O 8. O-O Nc6 9. Re1 Nb4 10. Bb1 dxc4 11. dxc5 Bxc5 12. Qe2 Qc7 13. Qxc4 b6 14. Qh4 Bb7 15. Ng5 g6 16. e4 Be7 17. e5 Nh5 18. b3 Qxc3 0-1

[Event "75. C.to Provinciale VE"]
[Site "Marghera ITA"]
[Date "2015.01.25"]
[Round "5.1"]
[White "Zamengo, Fulvio"]
[Black "Renier, Renzo"]
[Result "1-0"]
[WhiteElo "2223"]
[BlackElo "1965"]
[Annotator "Gabriele Ballarin"]
[PlyCount "59"]
[EventDate "2015.01.23"]
[EventType "swiss"]
[EventRounds "5"]
[EventCountry "ITA"]

1. e4 c5 2. Nf3 d6 3. d4 cxd4 4. Nxd4 Nf6 5. Nc3 a6 6. Bg5 e6 7. f4 Be7 8. Qf3 Qc7 9. O-O-O Nbd7 10. Bd3 b5 11. Rhe1 Bb7 12. Qg3 Nc5 13. e5 Nxd3+ 14. Rxd3 dxe5 15. fxe5 Nh5 16. Qh4 Bxg5+ 17. Qxg5 g6 18. g4 Ng7 19. Qh6 Kf8 20. Qf4 h5 21. h3 hxg4 22. hxg4 Qe7 23. Nf3 Rd8 24. Rxd8+ Qxd8 25. Ng5 Qe7 26. Rf1 Rh1 27. Rxh1 Bxh1 28. Nh7+ Ke8 29. Nf6+ Kd8 30. Qh6 1-0

[Event "75. C.to Provinciale VE"]
[Site "Marghera ITA"]
[Date "2015.01.25"]
[Round "5.2"]
[White "Ballarin, Gabriele"]
[Black "Omeri, Silvan"]
[Result "0-1"]
[WhiteElo "1941"]
[BlackElo "2192"]
[Annotator "Gabriele Ballarin"]
[PlyCount "70"]
[EventDate "2015.01.23"]
[EventType "swiss"]
[EventRounds "5"]
[EventCountry "ITA"]

1. e4 c5 2. Nf3 d6 3. Bb5+ Nd7 4. O-O a6 5. Bxd7+ Bxd7 6. c4 g6 7. d4 Bg7 8. Nc3 cxd4 9. Nxd4 Nf6 10. Be3 Rc8 11. b3 b5 12. Qd3 bxc4 13. bxc4 Qc7 14. Nd5 Qxc4 15. Qxc4 Rxc4 16. Rac1 Rc5 17. Nc7+ Kd8 18. Nxa6 Rxc1 19. Rxc1 Nxe4 20. f3 Nf6 21. Rb1 Nd5 22. Rb8+ Bc8 23. Bf2 Kd7 24. Nb4 Nxb4 25. Rxb4 Ba6 26. Be3 e5 27. Nb5 Rb8 28. a4 d5 29. Kf2 Bf8 30. Rb3 f5 31. Ke1 Bxb5 32. axb5 d4 33. Bd2 Bc5 34. h3 Ke6 35. Ba5 Bb6 0-1

[Event "75. C.to Provinciale VE"]
[Site "Marghera ITA"]
[Date "2015.01.25"]
[Round "5.3"]
[White "Gaion, Giancarlo"]
[Black "Majer, Andrea"]
[Result "1-0"]
[WhiteElo "1916"]
[BlackElo "1700"]
[Annotator "Gabriele Ballarin"]
[PlyCount "63"]
[EventDate "2015.01.23"]
[EventType "swiss"]
[EventRounds "5"]
[EventCountry "ITA"]

1. c4 d6 2. Nc3 e5 3. g3 Nf6 4. Bg2 c6 5. Nf3 Be7 6. O-O O-O 7. d3 Nbd7 8. h3 a5 9. Be3 Re8 10. Qc2 Nf8 11. Rad1 c5 12. Ng5 h6 13. Nge4 Ne6 14. Nxf6+ Bxf6 15. Qc1 Nd4 16. Bxd4 exd4 17. Ne4 Be7 18. e3 f5 19. Nd2 Bf6 20. e4 Qc7 21. exf5 Bxf5 22. Ne4 Be7 23. Rde1 Qd7 24. g4 Bg6 25. f4 Bh4 26. Re2 Rab8 27. f5 Bh7 28. Qf4 Bg5 29. Nxg5 Rxe2 30. Bd5+ Kf8 31. Nxh7+ Ke7 32. f6+ 1-0

[Event "75. C.to Provinciale VE"]
[Site "Marghera ITA"]
[Date "2015.01.25"]
[Round "5.4"]
[White "Marcucci, Michele"]
[Black "Polese, Marco"]
[Result "0-1"]
[WhiteElo "1700"]
[BlackElo "1915"]
[Annotator "Gabriele Ballarin"]
[PlyCount "86"]
[EventDate "2015.01.23"]
[EventType "swiss"]
[EventRounds "5"]
[EventCountry "ITA"]

1. e4 e6 2. d4 d5 3. e5 c5 4. c3 Nc6 5. Nf3 Qb6 6. Be2 Nh6 7. O-O cxd4 8. cxd4 Nf5 9. Be3 Nxe3 10. fxe3 Be7 11. Qd2 Bd7 12. Nc3 O-O 13. h4 Na5 14. Bd3 Nc4 15. Bxc4 dxc4 16. Qe2 Rac8 17. Ne4 Bc6 18. Nfg5 Bxe4 19. Nxe4 h6 20. Qg4 Kh7 21. Rf2 f5 22. exf6 gxf6 23. Qh5 Qc6 24. Qf3 f5 25. Nc3 Bxh4 26. Qxc6 Bxf2+ 27. Kxf2 Rxc6 28. d5 Rd6 29. dxe6 Rxe6 30. Rd1 Rf7 31. Rd4 Rb6 32. Na4 Rb4 33. b3 cxb3 34. axb3 Rxb3 35. Nc5 Rb5 36. Nd3 a5 37. Kf3 Re7 38. Kf4 Re4+ 39. Rxe4 fxe4 40. Kxe4 a4 41. Kd4 a3 42. Nc1 Rb1 43. Na2 Rb2 0-1

[Event "75. C.to Provinciale VE"]
[Site "Marghera ITA"]
[Date "2015.01.25"]
[Round "5.5"]
[White "Barberini, Riccardo"]
[Black "Latella, Tommaso"]
[Result "1/2-1/2"]
[WhiteElo "1874"]
[BlackElo "1643"]
[Annotator "Gabriele Ballarin"]
[PlyCount "53"]
[EventDate "2015.01.23"]
[EventType "swiss"]
[EventRounds "5"]
[EventCountry "ITA"]

1. d4 Nf6 2. Nf3 g6 3. Nc3 d5 4. Bf4 c6 5. e3 Nbd7 6. Bd3 Bg7 7. h3 O-O 8. O-O Re8 9. Bh2 Nh5 10. Be2 Nhf6 11. Ne5 Nxe5 12. Bxe5 Nd7 13. Bxg7 Kxg7 14. e4 dxe4 15. Nxe4 Nb6 16. Ng3 e5 17. dxe5 Qxd1 18. Raxd1 Rxe5 19. f4 Re3 20. Kf2 Re7 21. Rd8 Bd7 22. Rxa8 Nxa8 23. f5 Nb6 24. Kg1 Re5 25. Bd3 Nd5 26. a3 Nf6 27. fxg6 1/2-1/2

[Event "75. C.to Provinciale VE"]
[Site "Marghera ITA"]
[Date "2015.01.25"]
[Round "5.6"]
[White "Milan, Maurizio"]
[Black "Mancin, Michele"]
[Result "1/2-1/2"]
[WhiteElo "1548"]
[BlackElo "1755"]
[Annotator "Gabriele Ballarin"]
[PlyCount "124"]
[EventDate "2015.01.23"]
[EventType "swiss"]
[EventRounds "5"]
[EventCountry "ITA"]

1. d4 Nf6 2. Bg5 d5 3. Bxf6 exf6 4. g3 g6 5. Bg2 Bg7 6. e3 O-O 7. Ne2 Re8 8. O-O c6 9. Nd2 f5 10. Rc1 Nd7 11. b3 Nf6 12. c4 Be6 13. Nf4 a5 14. Nf3 Ne4 15. Nd2 Qd7 16. f3 Nf6 17. Re1 Qd8 18. Qc2 Rc8 19. Qd3 Kh8 20. Nb1 Rc7 21. c5 Rce7 22. Nc3 Bc8 23. Na4 Nd7 24. Re2 Nf8 25. Nb6 Ne6 26. Nxe6 Rxe6 27. Rce1 R6e7 28. Kf2 h5 29. h4 Bf6 30. Qd2 Re6 31. Nxc8 Qxc8 32. Qxa5 Qd7 33. Qd2 Kg7 34. a4 g5 35. hxg5 Bxg5 36. f4 Bd8 37. Rh1 Rh8 38. Bf3 Reh6 39. Kf1 h4 40. g4 fxg4 41. Bxg4 Qe7 42. Bh3 Qe4 43. Bg2 Qb1+ 44. Kf2 Qxb3 45. Qc2 Qxc2 46. Rxc2 h3 47. Bf1 Bh4+ 48. Kf3 Bf6 49. Rch2 Bd8 50. Rxh3 Rxh3+ 51. Rxh3 Rxh3+ 52. Bxh3 b5 53. cxb6 Bxb6 54. Bd7 c5 55. dxc5 Bxc5 56. Ke2 Kg6 57. Kd3 Kf6 58. Bc6 Bb6 59. e4 dxe4+ 60. Kxe4 Bg1 61. f5 Ke7 62. Bd5 f6 1/2-1/2

[Event "75. C.to Provinciale VE"]
[Site "Marghera ITA"]
[Date "2015.01.25"]
[Round "5.7"]
[White "Di Marino, Maurizio"]
[Black "Anoè, Lorenzo"]
[Result "1-0"]
[WhiteElo "1476"]
[BlackElo "1736"]
[Annotator "Gabriele Ballarin"]
[PlyCount "53"]
[EventDate "2015.01.23"]
[EventType "swiss"]
[EventRounds "5"]
[EventCountry "ITA"]

1. e4 d6 2. Nf3 Nf6 3. d3 e5 4. Be2 c6 5. O-O Nbd7 6. h3 d5 7. Bg5 Qc7 8. Nbd2 h6 9. Bh4 g6 10. Bg3 Bg7 11. c3 Nh5 12. Bh2 dxe4 13. dxe4 Nf4 14. Nc4 Nxe2+ 15. Qxe2 b5 16. Ncxe5 Nxe5 17. Nxe5 Bxe5 18. f4 Qb6+ 19. Kh1 Bg7 20. f5 gxf5 21. exf5+ Kd8 22. Rad1+ Bd7 23. f6 Bxf6 24. Rxf6 Kc8 25. Rxf7 Rd8 26. Qe7 Be8 27. Rxd8+ 1-0

[Event "75. C.to Provinciale VE"]
[Site "Marghera ITA"]
[Date "2015.01.25"]
[Round "5.8"]
[White "Barecchia, Gian Marco"]
[Black "Settimo, Silvia"]
[Result "0-1"]
[WhiteElo "1661"]
[BlackElo "1422"]
[Annotator "Gabriele Ballarin"]
[PlyCount "100"]
[EventDate "2015.01.23"]
[EventType "swiss"]
[EventRounds "5"]
[EventCountry "ITA"]

1. e4 e6 2. d4 d5 3. Nc3 Nf6 4. Bg5 Be7 5. e5 Nfd7 6. Bxe7 Qxe7 7. Qg4 O-O 8. Bd3 h6 9. Nge2 c5 10. f4 c4 11. f5 Qg5 12. Qxg5 hxg5 13. fxe6 fxe6 14. Bg6 Nc6 15. O-O-O Ne7 16. Bh5 Nf5 17. Kd2 Nb8 18. Rdf1 Nc6 19. Bg6 Ncxd4 20. Nxd4 Nxd4 21. Rxf8+ Kxf8 22. Rf1+ Kg8 23. Ke3 Nc6 24. Bf7+ Kh7 25. Rf3 g6 26. Rh3+ Kg7 27. Be8 d4+ 28. Ke4 dxc3 29. bxc3 Ne7 30. Rf3 Nd5 31. Kd4 Nb6 32. Rf7+ Kg8 33. Rc7 Kf8 34. Bxg6 Rb8 35. Kc5 Bd7 36. g3 Rc8 37. Kd6 Rxc7 38. Kxc7 Bc6 39. h4 gxh4 40. gxh4 Nd5+ 41. Kd6 Ne7 42. h5 Nxg6 43. hxg6 Bd5 44. Kc5 Kg7 45. Kd4 Kxg6 46. a4 a6 47. Kc5 Kf5 48. a5 Ke4 49. Kd6 Ke3 50. Kc5 Kd2 0-1

[Event "75. C.to Provinciale VE"]
[Site "Marghera ITA"]
[Date "2015.01.25"]
[Round "5.9"]
[White "Pastena, Dario"]
[Black "Cappelletto, Joshuaede"]
[Result "0-1"]
[WhiteElo "1440"]
[BlackElo "1518"]
[Annotator "Gabriele Ballarin"]
[PlyCount "60"]
[EventDate "2015.01.23"]
[EventType "swiss"]
[EventRounds "5"]
[EventCountry "ITA"]

1. d4 Nf6 2. Nf3 g6 3. b3 d5 4. e3 Bg7 5. c4 e6 6. Ba3 c6 7. Bd3 b5 8. cxb5 cxb5 9. Bc5 Nbd7 10. Bb4 a5 11. Bc5 Nxc5 12. dxc5 Bd7 13. Na3 b4 14. Nb5 O-O 15. Rc1 Bxb5 16. Bxb5 Ne4 17. Nd4 Rc8 18. Qf3 Nxc5 19. O-O Qd6 20. Be2 Ne4 21. Rcd1 Nc3 22. Rd2 Rc5 23. Qg3 Qxg3 24. fxg3 Ne4 25. Rdd1 Rfc8 26. Nf3 Nc3 27. Rd2 Bh6 28. Kf2 Ne4+ 29. Ke1 Nxd2 30. Kxd2 Rc2+ 0-1

[Event "75. C.to Provinciale VE"]
[Site "Marghera ITA"]
[Date "2015.01.25"]
[Round "5.10"]
[White "Segalina, Luigi"]
[Black "Fornaro, Massimo"]
[Result "0-1"]
[WhiteElo "1440"]
[BlackElo "1452"]
[Annotator "Gabriele Ballarin"]
[PlyCount "53"]
[EventDate "2015.01.23"]
[EventType "swiss"]
[EventRounds "5"]
[EventCountry "ITA"]

1. e4 e5 2. Bc4 Nf6 3. Nf3 Bd6 4. d4 Qe7 5. dxe5 Bxe5 6. Nxe5 Qxe5 7. O-O O-O 8. Nc3 c6 9. Qf3 d6 10. Bf4 Qe7 11. Rad1 Rd8 12. Bg5 Nbd7 13. Qf4 Ne5 14. Bxf6 gxf6 15. Bd3 Kh8 16. Qh4 Ng6 17. Qh6 Rg8 18. Rd2 Bd7 19. Ne2 Rae8 20. Ng3 Nf8 21. Nh5 Rg6 22. Qxg6 fxg6 23. Ng3 b5 24. b3 a5 25. c4 Ne6 26. cxb5 cxb5 27. Rfd1 0-1

[Event "2.Open del Santo"]
[Site "Padova"]
[Date "2015.02.13"]
[Round "1"]
[White "Latella, Tommaso"]
[Black "Niccoli, Paolo"]
[Result "1-0"]
[WhiteElo "1636"]
[BlackElo "1799"]
[Annotator "Gabriele Ballarin"]
[PlyCount "107"]
[EventDate "2015.02.??"]
[EventType "swiss"]
[EventRounds "5"]
[EventCountry "ITA"]

1. e4 c5 2. d4 cxd4 3. c3 d5 4. exd5 Qxd5 5. cxd4 Nc6 6. Nf3 e5 7. dxe5 Qxd1+ 8. Kxd1 Bg4 9. Bf4 O-O-O+ 10. Kc1 Bc5 11. Nc3 f5 12. Ng5 Nge7 13. Nf7 Bxf2 14. Nxh8 Rxh8 15. Be2 Nb4 16. Bxg4 Nd3+ 17. Kc2 Nxf4 18. Bf3 g5 19. Ne2 Nfg6 20. g3 Nxe5 21. Bg2 Nc4 22. Rac1 Kb8 23. Kb1 Ne3 24. Bf1 Rd8 25. Nc3 Rd2 26. Bb5 a6 27. Ba4 Nc4 28. Rc2 f4 29. gxf4 gxf4 30. Ne4 Rxc2 31. Bxc2 Be3 32. Bd1 Nf5 33. Kc2 Nd4+ 34. Kc3 b5 35. Nc5 a5 36. b3 Ne5 37. Re1 b4+ 38. Kb2 Ne6 39. Rxe3 Nxc5 40. Rh3 Ne4 41. Kc2 Nc3 42. a3 Nxd1 43. Kxd1 bxa3 44. Kc2 f3 45. Rxh7 f2 46. Rh8+ Kc7 47. Rf8 Ng4 48. Kb1 Nxh2 49. Rxf2 Ng4 50. Rf7+ Kb6 51. Ka2 Ne5 52. Rf6+ Kc5 53. Rf5 Kd4 54. Kxa3 1-0

[Event "2.Open del Santo"]
[Site "Padova"]
[Date "2015.02.14"]
[Round "2"]
[White "Battagin_214, Mosè"]
[Black "Latella, Tommaso"]
[Result "0-1"]
[WhiteElo "1832"]
[BlackElo "1636"]
[Annotator "Gabriele Ballarin"]
[PlyCount "80"]
[EventDate "2015.02.??"]
[EventType "swiss"]
[EventRounds "5"]
[EventCountry "ITA"]

1. e4 e5 2. Nf3 Nf6 3. Nxe5 d6 4. Nf3 Nxe4 5. d4 d5 6. Bd3 Be7 7. O-O Nc6 8. c4 Nb4 9. Be2 Bf5 10. a3 Nc6 11. Nc3 Nxc3 12. bxc3 O-O 13. a4 Na5 14. cxd5 Qxd5 15. Ne5 c5 16. Ba3 Rfe8 17. Bb5 Red8 18. Re1 Bf8 19. Qf3 Qxf3 20. Nxf3 a6 21. Bf1 cxd4 22. Bxf8 Kxf8 23. Re5 Nb3 24. Ra3 Bc2 25. cxd4 Nxd4 26. Nxd4 Rxd4 27. a5 Re8 28. Rxe8+ Kxe8 29. Be2 Ra4 30. Rxa4 Bxa4 31. Kf1 Bb5 32. Bxb5+ axb5 33. Ke2 Kd7 34. Kd3 Kc6 35. Kd4 f5 36. f4 Kd6 37. g3 h6 38. h3 h5 39. Kc3 Kc5 40. Kb3 b4 0-1

[Event "2.Open del Santo"]
[Site "Padova"]
[Date "2015.02.14"]
[Round "3"]
[White "Latella, Tommaso"]
[Black "Baruzzo, Fabio"]
[Result "1/2-1/2"]
[WhiteElo "1636"]
[BlackElo "1822"]
[Annotator "Gabriele Ballarin"]
[PlyCount "43"]
[EventDate "2015.02.??"]
[EventType "swiss"]
[EventRounds "5"]
[EventCountry "ITA"]

1. e4 e6 2. d4 d5 3. Nc3 Nf6 4. Bg5 Be7 5. e5 Nfd7 6. Bxe7 Qxe7 7. f4 g6 8. Qd2 Nb6 9. Nf3 a6 10. O-O-O Bd7 11. g4 h5 12. gxh5 Rxh5 13. Kb1 Na4 14. Nxa4 Bxa4 15. h4 Bb5 16. Rg1 Nd7 17. Rg5 Rh7 18. Bxb5 axb5 19. Rh1 Nb6 20. h5 Kd7 21. Rh2 Nc4 22. Qd3 1/2-1/2

[Event "2.Open del Santo"]
[Site "Padova"]
[Date "2015.02.15"]
[Round "4"]
[White "Caldonazzo, Matteo"]
[Black "Latella, Tommaso"]
[Result "1/2-1/2"]
[WhiteElo "1911"]
[BlackElo "1636"]
[Annotator "Antonio Rosino"]
[PlyCount "20"]
[EventDate "2015.02.??"]
[EventType "swiss"]
[EventRounds "5"]
[EventCountry "ITA"]

1. Nf3 Nf6 2. d4 g6 3. Nc3 d5 4. Bf4 c6 5. e3 Bg4 6. Be2 Nbd7 7. h3 Bxf3 8. Bxf3 Bg7 9. g4 O-O 10. e4 dxe4 (10... dxe4 11. Nxe4 Nxe4 12. Bxe4 e5 13. dxe5 Nxe5 $15 14. Qxd8 Raxd8 15. Bxe5 Bxe5 16. c3 $11) 1/2-1/2

[Event "2.Open del Santo"]
[Site "Padova"]
[Date "2015.02.15"]
[Round "5"]
[White "Latella, Tommaso"]
[Black "Rostolis, Riccardo"]
[Result "1/2-1/2"]
[WhiteElo "1636"]
[BlackElo "1925"]
[Annotator "Gabriele Ballarin"]
[PlyCount "61"]
[EventDate "2015.02.??"]
[EventType "swiss"]
[EventRounds "5"]
[EventCountry "ITA"]

1. e4 c5 2. d4 cxd4 3. c3 Nf6 4. e5 Nd5 5. Nf3 e6 6. cxd4 d6 7. Bc4 Nb6 8. Bd3 Nc6 9. O-O Be7 10. Nc3 Nd7 11. Bf4 dxe5 12. dxe5 Nc5 13. Bb5 O-O 14. Qe2 Bd7 15. Rfd1 Qc7 16. Ne4 a6 17. Nxc5 Bxc5 18. Bd3 Nb4 19. Bxh7+ Kh8 20. Be4 Bb5 21. Qe1 Rad8 22. a3 Nd3 23. Bxd3 Bxd3 24. Rac1 Qb6 25. b4 Be7 26. Qc3 Be4 27. Ng5 Bxg5 28. Bxg5 Rxd1+ 29. Rxd1 Qc6 30. Qxc6 Bxc6 31. Rd8 $6 1/2-1/2

[Event "75.Camp. Veneto Quarti di Finale"]
[Site "Montebelluna ITA"]
[Date "2015.05.15"]
[Round "1.1"]
[White "Dappiano, Andrea"]
[Black "Negro, Raffaele"]
[Result "1-0"]
[WhiteElo "2225"]
[BlackElo "1845"]
[Annotator "Gabriele Ballarin"]
[PlyCount "103"]
[EventDate "2015.05.15"]
[EventType "swiss"]
[EventRounds "5"]
[EventCountry "ITA"]

1. e4 b6 2. d4 Bb7 3. Nc3 e6 4. Nf3 d6 5. Bb5+ Nd7 6. d5 e5 7. Qe2 a6 8. Bxd7+ Qxd7 9. Be3 Ne7 10. Nd2 g6 11. a4 Bg7 12. Nc4 f5 13. f3 fxe4 14. fxe4 O-O 15. Rf1 Rxf1+ 16. Kxf1 Rf8+ 17. Kg1 Kh8 18. Rf1 Rxf1+ 19. Qxf1 Ng8 20. Nd2 Nf6 21. Nf3 h6 22. h3 g5 23. Nh2 Kg8 24. b4 Nh5 25. b5 a5 26. Qf3 Nf4 27. Nf1 Bc8 28. Nd1 Qf7 29. Nf2 Bd7 30. Kh2 Qh5 31. Qxh5 Nxh5 32. g3 Nf6 33. Nd2 Be8 34. Nc4 Nd7 35. Kg2 Kf8 36. g4 Bf6 37. Nh1 Bg6 38. Ng3 Nc5 39. Bxc5 dxc5 40. Nf5 Bxf5 41. gxf5 Ke7 42. d6+ Kd7 43. dxc7 Kxc7 44. Kf3 h5 45. Ne3 Kd6 46. c4 Bd8 47. Nf1 Ke7 48. Ng3 h4 49. Nf1 Kf7 50. Kg4 Ke8 51. Nd2 Kf7 52. Nf3 1-0

[Event "75.Camp. Veneto Quarti di Finale"]
[Site "Montebelluna ITA"]
[Date "2015.05.15"]
[Round "1.2"]
[White "Rossi, Gianni"]
[Black "Sorbera, Giovanni"]
[Result "0-1"]
[WhiteElo "1814"]
[BlackElo "2154"]
[Annotator "Gabriele Ballarin"]
[PlyCount "64"]
[EventDate "2015.05.15"]
[EventType "swiss"]
[EventRounds "5"]
[EventCountry "ITA"]

1. d4 d5 2. e4 dxe4 3. Nc3 Nf6 4. f3 e3 5. Bxe3 Nd5 6. Qd2 e6 7. Bd3 Nc6 8. Nge2 Be7 9. O-O O-O 10. Ne4 f5 11. N4c3 Bf6 12. Nxd5 Qxd5 13. Nf4 Qd6 14. c3 g6 15. Rfe1 Ne7 16. Bc4 g5 17. Nh5 f4 18. Nxf6+ Rxf6 19. Bf2 Bd7 20. Re5 Nf5 21. Qe2 c6 22. Re1 Raf8 23. Bxe6+ Bxe6 24. Rxe6 Qd5 25. Rxf6 Rxf6 26. Qe5 Qf7 27. Qb8+ Kg7 28. Qxa7 h5 29. Qc5 Qxa2 30. d5 Qxd5 31. Qb4 c5 32. c4 Qd3 {Nur} 0-1

[Event "75.Camp. Veneto Quarti di Finale"]
[Site "Montebelluna ITA"]
[Date "2015.05.15"]
[Round "1.3"]
[White "Della Sala, Bruno"]
[Black "Reginato, Dario"]
[Result "1-0"]
[WhiteElo "1995"]
[BlackElo "1759"]
[Annotator "Gabriele Ballarin"]
[PlyCount "59"]
[EventDate "2015.05.15"]
[EventType "swiss"]
[EventRounds "5"]
[EventCountry "ITA"]

1. d4 Nf6 2. Nf3 d5 3. c4 c6 4. e3 Bf5 5. Nc3 e6 6. Qb3 Qc7 7. Bd2 dxc4 8. Bxc4 Bd6 9. O-O O-O 10. Rfc1 Ne4 11. Be1 Nxc3 12. Bxc3 Nd7 13. h3 h6 14. Bb4 Bxb4 15. Qxb4 Be4 16. Nd2 Bg6 17. Be2 Nf6 18. Nc4 Nd5 19. Qd6 Qxd6 20. Nxd6 Rab8 21. e4 Nf4 22. Bf1 Rfd8 23. e5 Nd5 24. Rc5 Ne7 25. Rd1 Nf5 26. Nxf5 Bxf5 27. g4 Be4 28. b4 a6 29. a4 Rd5 30. Bc4 1-0

[Event "75.Camp. Veneto Quarti di Finale"]
[Site "Montebelluna ITA"]
[Date "2015.05.15"]
[Round "1.4"]
[White "De Paoli, Emilio"]
[Black "Polese, Marco"]
[Result "1-0"]
[WhiteElo "1758"]
[BlackElo "1967"]
[Annotator "Gabriele Ballarin"]
[PlyCount "119"]
[EventDate "2015.05.15"]
[EventType "swiss"]
[EventRounds "5"]
[EventCountry "ITA"]

1. e4 e6 2. d4 d5 3. Nc3 Nf6 4. Bg5 dxe4 5. Nxe4 Be7 6. Bxf6 Bxf6 7. Nf3 O-O 8. Nxf6+ Qxf6 9. Bd3 Nd7 10. Qe2 b6 11. Qe4 g6 12. Qxa8 e5 13. O-O-O exd4 14. Qe4 c5 15. Qh4 Qg7 16. Rhe1 Nf6 17. Bc4 a6 18. a4 Bd7 19. Bxa6 Bxa4 20. Nxd4 g5 21. Nf5 gxh4 22. Nxg7 Kxg7 {=} 23. f3 Ra8 24. Bc4 Be8 25. b3 b5 26. Bf1 Bc6 27. Kb2 Rb8 28. Rd6 Bd7 29. Re5 c4 30. Rg5+ Kh6 31. Rc5 Kg6 32. b4 Be6 33. Be2 Nd7 34. Rcc6 Kf5 35. g3 hxg3 36. hxg3 Rb7 37. Rd4 Nb6 38. c3 Na4+ 39. Kc2 h5 40. Bd1 Ke5 41. f4+ Kf6 42. Bxh5 Ke7 43. g4 Bd7 44. Re4+ Kf8 45. Rf6 Bc8 46. Re3 Kg7 47. Rd6 Nb6 48. Kd2 Be6 49. g5 Bf5 50. Bf3 Rb8 51. Re5 Nc8 52. Rd8 Bh3 53. Ree8 f6 54. Rg8+ Kf7 55. g6+ Ke6 56. Rxc8 Rb6 57. Rge8+ Kf5 58. g7 Kxf4 59. Rc6 Rb7 60. g8=Q 1-0

[Event "75.Camp. Veneto Quarti di Finale"]
[Site "Montebelluna ITA"]
[Date "2015.05.15"]
[Round "1.5"]
[White "Carini, Massimo"]
[Black "Anselmi, Beatrice"]
[Result "1-0"]
[WhiteElo "1964"]
[BlackElo "1733"]
[Annotator "Gabriele Ballarin"]
[PlyCount "73"]
[EventDate "2015.05.15"]
[EventType "swiss"]
[EventRounds "5"]
[EventCountry "ITA"]

1. e4 e5 2. Nf3 Nc6 3. Bb5 a6 4. Ba4 b5 5. Bb3 Nf6 6. Ng5 d5 7. exd5 Nd4 8. O-O Nxb3 9. axb3 Nxd5 10. Qf3 f6 11. Re1 Be7 12. Nc3 Nb6 13. Nge4 O-O 14. d3 Rb8 15. Ng3 Bb7 16. Qg4 Kh8 17. Nf5 g6 18. Nxe7 Qxe7 19. Qh4 Qd7 20. Ne4 Qc6 21. f3 Nd5 22. c3 g5 23. Qf2 h6 24. Qc5 Qd7 25. Qf2 Qc6 26. Nc5 Bc8 27. d4 exd4 28. Qxd4 Rd8 29. c4 Re8 30. Rxe8+ Qxe8 31. Bd2 bxc4 32. Qxd5 cxb3 33. Re1 Qf8 34. Bc3 Rb5 35. Bxf6+ Qxf6 36. Re8+ Kg7 37. Qg8# 1-0

[Event "75.Camp. Veneto Quarti di Finale"]
[Site "Montebelluna ITA"]
[Date "2015.05.15"]
[Round "1.6"]
[White "Latella, Tommaso"]
[Black "Balzan, Marco"]
[Result "1-0"]
[WhiteElo "1732"]
[BlackElo "1952"]
[Annotator "Gabriele Ballarin"]
[PlyCount "107"]
[EventDate "2015.05.15"]
[EventType "swiss"]
[EventRounds "5"]
[EventCountry "ITA"]

1. e4 c5 2. d4 cxd4 3. c3 dxc3 4. Nxc3 d6 5. Nf3 Nc6 6. Bc4 Nf6 7. e5 Ng4 8. exd6 exd6 9. O-O Be7 10. Bf4 O-O 11. Re1 Qb6 12. Qd2 Nge5 13. Nxe5 Nxe5 14. Bxe5 dxe5 15. Rxe5 Bf6 16. Nd5 Qd6 17. Nxf6+ Qxf6 18. Rae1 {=} Bf5 19. Re7 Qg6 20. Qd5 h5 21. Rxb7 Be6 22. Qd3 Bxc4 23. Qxc4 Rae8 24. Qc3 Rxe1+ 25. Qxe1 Qa6 26. Rb3 Qxa2 27. Ra3 Qxb2 28. Rxa7 Rc8 29. Ra1 Qc2 30. h3 {=} g5 31. Qe5 Qg6 32. Ra5 g4 33. hxg4 hxg4 34. Qg5 Rc6 35. Qd8+ Kh7 36. Qh4+ Kg7 37. Rg5 Qxg5 38. Qxg5+ Rg6 39. Qd2 Kg8 40. Kf1 Re6 41. Qb4 Rg6 42. Ke2 Kg7 43. Ke3 Kg8 44. Kf4 Kg7 45. Kg3 Kg8 46. Qf4 Kg7 47. Qf5 Kg8 48. Qxg6+ fxg6 49. Kxg4 Kf7 50. Kg5 Kg7 51. g4 Kf7 52. Kh6 Kf6 53. g5+ Kf5 54. f3 1-0

[Event "75.Camp. Veneto Quarti di Finale"]
[Site "Montebelluna ITA"]
[Date "2015.05.15"]
[Round "1.7"]
[White "Dallaglio, Giovanni"]
[Black "Tencheni, Maurizio"]
[Result "1/2-1/2"]
[WhiteElo "1943"]
[BlackElo "1731"]
[Annotator "Gabriele Ballarin"]
[PlyCount "79"]
[EventDate "2015.05.15"]
[EventType "swiss"]
[EventRounds "5"]
[EventCountry "ITA"]

1. d4 b6 2. Nf3 Bb7 3. c4 f5 4. Bf4 Nf6 5. Nc3 e6 6. e3 Bb4 7. Bd3 Ne4 8. Qc2 O-O 9. O-O Bxc3 10. bxc3 d6 11. Nd2 Nxd2 12. Qxd2 Nd7 13. Bg3 e5 14. f4 e4 15. Be2 Qe7 16. a4 a5 17. h3 Ba6 18. Kh2 Qf7 19. d5 Nc5 20. Qc2 Qe7 21. Bf2 Rae8 22. Rg1 Kh8 23. g4 Bc8 24. gxf5 Bxf5 25. Rg3 Qd7 26. Bg4 Rf6 27. Bxf5 Rxf5 28. h4 Ref8 29. Rag1 R8f7 30. Ra1 Rh5 31. Rg2 Rf6 32. Qd1 Rhh6 33. Qd4 Rhg6 34. Qd1 Rxg2+ 35. Kxg2 Rg6+ 36. Kh2 Qf5 37. Qe2 h5 38. Bg3 Qg4 39. Qxg4 Rxg4 40. Ra2 1/2-1/2